Ischgl Samnaun Skiresort-Quiz - Statistics

General Stats
  • This quiz has been taken 16 times
  • The average score is 13 of 15
Answer Stats
Hint Answer % Correct
For what kind of party is Ischgl famous for? Après Ski
100%
What makes shopping in Samnaun special? Dutyfree
100%
What is the name of the province in which Ischgl lies? Tyrol
100%
What is the number of the steepest slope in the skiresort? 14a
92%
And how steep is it? 70%
92%
Name one of the 8 seater lifts in the skiresort. Flimjoch | Idjoch | Höllboden | Visnitz
92%
And the name of the province in which Samnaun lies? Graubünden
92%
What is the tallest mountain in the skiresort? Greitspitz
92%
What is the name of the valley in which Ischgl sits in? Paznaun
92%
Which cable car is the longest in that skiresort? Silvretta
92%
How many passengers can the largest cable car transport? 180
85%
What kind of event hosts Ischgl at every start and end of the ski season? Concerts
77%
Which cable car covers the most altitude? Pardatschgrat
77%
Name one of the dristricts of Samnaun. Compatsch | Plan | Laret | Ravaisch | Dorf
69%
In a town other than Ischgl and Samnaun lies another skilift which belongs to the same skiresort, what is the name of that town? Mathon
69%
No matching quizzes found
Score Distribution
Percent of People with Each Score
Percentile by Number Answered
Your Score History
You have not taken this quiz